000 00654pam a2200217 a 4500
001 4329274
005 20231115031035.0
008 880705s1989 enk b 001 0 eng
020 _a0803948026
020 _a0631163557 (hard)
040 _aDLC
_cDLC
_dDLC
082 0 0 _a809/.89287
_219
100 _aKauffman, Linda.
245 0 0 _aGender and theory :
_bdialogues on feminist criticism /
_cedited by Linda Kauffman.
260 _aOxford, UK ;
_aNew York, NY, USA :
_bB. Blackwell,
_c1989.
300 _ax, 258 p. ;
500 _aSpine title: Gender & theory.
650 0 _aFeminist literary criticism.
700 1 _aKauffman, Linda S.,
_eedt
942 _cL
999 _c16
_d16